Suburbs of Perth with a Map - Statistics

General Stats
  • This quiz has been taken 3,511 times
    3,432 since last reset
  • The average score is 91 of 277
Answers on the Map
Answers color-coded by a green-red scale on the quiz's map according to % correct below.
 
Answer Stats
Answer % Correct
Fremantle
86%
Perth
86%
South Perth
81%
East Perth
77%
Joondalup
76%
Rockingham
74%
West Perth
72%
Armadale
70%
Cottesloe
70%
Subiaco
70%
North Fremantle
69%
Scarborough
68%
North Perth
67%
Midland
66%
Claremont
65%
Victoria Park
65%
Cannington
64%
East Fremantle
64%
Applecross
63%
Cockburn Central
63%
Leederville
61%
Nedlands
61%
South Fremantle
60%
Canning Vale
59%
City Beach
59%
Mount Lawley
58%
Peppermint Grove
58%
Hillarys
57%
Morley
57%
Northbridge
57%
Como
56%
Mosman Park
56%
Bayswater
55%
Dalkeith
55%
Belmont
53%
Kwinana Town Centre
53%
Osborne Park
53%
Butler
52%
Stirling
52%
Wanneroo
52%
Wembley
51%
Burswood
50%
Floreat
50%
Kalamunda
50%
Karrinyup
50%
Balga
49%
Coogee
49%
Guildford
49%
Innaloo
49%
Thornlie
49%
Maylands
48%
West Leederville
48%
Bassendean
47%
Crawley
47%
East Victoria Park
47%
Gosnells
47%
Murdoch
47%
Swanbourne
47%
Melville
46%
Trigg
46%
Balcatta
44%
Bentley
44%
Bull Creek
44%
Jandakot
44%
Shenton Park
44%
Bicton
43%
Willetton
43%
Booragoon
41%
Clarkson
41%
Kelmscott
41%
Malaga
40%
Mirrabooka
40%
Mundaring
40%
Sorrento
40%
Yokine
40%
Bibra Lake
39%
Byford
39%
Dianella
39%
Duncraig
39%
High Wycombe
39%
Warwick
39%
Ascot
38%
Forrestfield
38%
Mount Claremont
38%
Mount Hawthorn
38%
Ocean Reef
38%
Glendalough
37%
Greenwood
37%
Highgate
37%
Success
37%
Wembley Downs
37%
Attadale
36%
Hamilton Hill
36%
Riverton
36%
Churchlands
35%
Daglish
35%
Leeming
35%
Maddington
35%
Mount Pleasant
35%
North Beach
35%
Ardross
34%
Carine
34%
Doubleview
34%
Girrawheen
34%
Mullaloo
34%
Rossmoyne
34%
Currambine
33%
Inglewood
33%
Kingsley
33%
Lesmurdie
33%
Manning
33%
Palmyra
33%
Redcliffe
33%
Ballajura
32%
Bedford
32%
Edgewater
32%
Kewdale
32%
Noranda
32%
Rivervale
32%
Burns Beach
31%
Kardinya
31%
Safety Bay
31%
Spearwood
31%
Tuart Hill
31%
Warnbro
31%
Aubin Grove
30%
Carlisle
30%
Kensington
30%
Midvale
30%
Woodvale
30%
Beechboro
29%
Jolimont
29%
Landsdale
29%
Mindarie
29%
Myaree
29%
North Coogee
29%
Queens Park
29%
Shelley
29%
Wellard
29%
Kenwick
28%
Padbury
28%
Piara Waters
28%
Secret Harbour
28%
Wangara
28%
Craigie
27%
Nollamara
27%
Quinns Rocks
27%
Salter Point
27%
White Gum Valley
27%
Alexander Heights
26%
Ashfield
26%
Harrisdale
26%
Hilton
26%
Iluka
26%
Joondanna
26%
Lathlain
26%
Marmion
26%
O'Connor
26%
Roleystone
26%
Southern River
26%
Swan View
26%
Willagee
26%
Atwell
25%
Banksia Grove
25%
Beeliar
25%
Caversham
25%
Darch
25%
Forrestdale
25%
Gwelup
25%
Middle Swan
25%
North Lake
25%
Port Kennedy
25%
South Lake
25%
St James
25%
Bateman
24%
Beaconsfield
24%
Beckenham
24%
Ferndale
24%
Maida Vale
24%
Menora
24%
Naval Base
24%
South Guildford
24%
Waikiki
24%
Westminster
24%
Wilson
24%
Winthrop
24%
Cloverdale
23%
Henderson
23%
Jindalee
23%
Kallaroo
23%
Kinross
23%
Lynwood
23%
Tapping
23%
Waterford
23%
Woodlands
23%
Alfred Cove
22%
Beldon
22%
Brentwood
22%
Coolbellup
22%
Gooseberry Hill
22%
Hamersley
22%
Hammond Park
22%
Heathridge
22%
Karawara
22%
Koondoola
22%
Watermans Bay
22%
East Cannington
21%
Kwinana Beach
21%
Shoalwater
21%
Yangebup
21%
Coolbinia
20%
Gnangara
20%
Helena Valley
20%
Marangaroo
20%
Mount Nasura
20%
Orelia
20%
Parkwood
20%
Sawyers Valley
20%
Wattle Grove
20%
Woodbridge
20%
East Rockingham
19%
Huntingdale
19%
Langford
19%
Lockridge
19%
Carramar
18%
Champion Lakes
18%
Connolly
18%
Darlington
18%
Eden Hill
18%
Golden Bay
18%
Hocking
18%
Lake Coogee
18%
Medina
18%
Merriwa
18%
Mount Helena
18%
Munster
18%
Parkerville
18%
Parmelia
18%
Peron
18%
Bedfordale
17%
Bennett Springs
17%
Embleton
17%
Glen Forrest
17%
Kiara
17%
Leda
17%
Sinagra
17%
Singleton
17%
Ashby
16%
Bellevue
16%
Greenmount
16%
Madeley
16%
Martin
16%
Samson
16%
Seville Grove
16%
Stoneville
16%
Bertram
15%
Pearsall
15%
Ridgewood
15%
Wattleup
15%
Hazelmere
14%
Camillo
13%
Jane Brook
13%
Viveash
13%
Boya
12%
Cooloongup
12%
Mount Richon
12%
Stratton
12%
Walliston
12%
Calista
11%
Casuarina
11%
Hillman
11%
Hope Valley
11%
Brookdale
10%
Koongamia
10%
Mahogany Creek
10%
Wungong
10%
Bushmead
9%
No matching quizzes found
Score Distribution
Percent of People with Each Score
Percentile by Number Answered
Your Score History
You have not taken this quiz since the last reset